| 000 | 00543nam a22002177a 4500 | ||
|---|---|---|---|
| 003 | OSt | ||
| 005 | 20231013090347.0 | ||
| 008 | 231013b |||||||| |||| 00| 0 eng d | ||
| 020 | _a9780750669498 | ||
| 020 | _a0750669497 | ||
| 040 | _cDDC. | ||
| 082 | _a526.9 SCH 2007 | ||
| 100 |
_aSchofield,W;Breach,m; _916754 |
||
| 245 | _aEngineering Surveying. | ||
| 250 | _a6th ed. | ||
| 260 |
_aLondon. _bSpon Press. _c2007. |
||
| 300 |
_a622p; _bill, _c25cm. |
||
| 504 | _aindex is included. | ||
| 650 |
_aEngineering _9373 |
||
| 942 |
_2ddc _cB_BANK |
||
| 999 |
_c8213 _d8213 |
||